000 00805nam a2200277 a 4500
005 20170106122824.0
008 140220b1994 ck ||||| |||| 00| 0 spa d
040 _aCO-BoIAVH
_cCO-BoIAVH
041 _aspa
044 _ack
090 _aLB
_b00249
100 _aGaleano, Martha Patricia
245 _aLista de las especies de plantas restringidas para Colombia con base en la literatura
260 _aBogotá
_bICN
_c1994?
300 _a336 p.
650 _aInventarios floristicos
650 _aPlantas
650 _aEspermatofitos
662 _aColombia
700 _aAguilar, Mauricio
700 _aCuartas Ch., David
700 _aGarzón, Aida
700 _aCortés, Rocio
700 _aMartínez A., Xatli
942 _cINFORME
_2z
999 _c269
_d269